| 000 | 00499nam a2200157 4500 | ||
|---|---|---|---|
| 082 | _aBESE-4 ABD | ||
| 100 | _aAbdul Basir | Maria Hameed | Rahat Shiraz Hashmi | ||
| 245 | _aApraxiator | ||
| 260 |
_aIslamabad _bNUST-SEECS _c2017 |
||
| 300 |
_a153p. _eCD Includes |
||
| 563 | _aa | ||
| 856 | _uhttp://10.250.8.41:8080/xmlui/handle/123456789/20094 | ||
| 942 |
_2ddc _cTHE |
||
| 999 |
_c331669 _d331669 |
||